000 00484nam a2200181Ia 4500
005 20240726033759.0
008 240331s9999 xx 000 0 und d
020 _a0226789500
082 _bTAM
_a294.3
100 _aTambiah, S.J
245 0 _aBuddhism betrayed :
_breligion, politics, and violence in Sri Lanka
260 _aChicago
_bThe University of Chicago
_c1992
300 _axix, 203 p .,
650 _aEconomics
650 _aReligion
650 _aPolitical
942 _cL
999 _c2351
_d2351